Work and organizational behavior /

Bibliographic Details
Main Author: Rambo, William W.
Format: Book
Language:English
Published: New York : Holt, Rinehart, and Winston, [1982]
Subjects:

MARC

Tag First Indicator Second Indicator Subfields
LEADER 00000pam a2200000 a 4500
001 in00000080126
005 20151008055327.0
008 811106s1982 nyua b 00110 eng
010 |a  81020025  
020 |a 0030561337 
035 |a (OCoLC)07977038 
035 |9 AAJ3164AM 
039 0 |a 2  |b 3  |c 3  |d 3  |e 3 
040 |a DLC  |c DLC  |d TXA  |d UtOrBLW 
049 |a TXAM  |c 1 [1361867], 2 [271448] 
050 0 0 |a HD58.7  |b  R35 
082 0 |a 658.3  |2 19 
100 1 |a Rambo, William W. 
245 1 0 |a Work and organizational behavior /  |c William W. Rambo. 
264 1 |a New York :  |b Holt, Rinehart, and Winston,  |c [1982] 
264 4 |c ©1982 
300 |a xvi, 542 pages :  |b illustrations ;  |c 25 cm. 
336 |a text  |b txt  |2 rdacontent 
337 |a unmediated  |b n  |2 rdamedia 
338 |a volume  |b nc  |2 rdacarrier 
500 |a Includes indexes. 
504 |a Bibliography: pages 486-521. 
650 0 |a Organizational behavior. 
650 0 |a Personnel management. 
650 0 |a Industrial sociology. 
999 |a MARS 
999 f f |s b6543844-3526-3197-842c-f98bbc5521d5  |i abe38e9f-a049-3659-a8cb-d36835c50b5e  |t 0 
952 f f |p ric  |a Texas A&M University  |b Rellis Campus  |c Joint Library Facility  |d Remote Storage  |t 0  |e HD58.7 R35  |h Library of Congress classification  |i unmediated -- volume  |m A14806124370 
998 f f |a HD58.7 R35  |t 0  |l Remote Storage